000 00482nam a2200169 4500
001 108939
003 ES-MaACL
005 20230906184737.0
007 t|
008 061121s1972 sp r ||||1| spa d
100 1 _aMoore, John H.
_982820
245 1 0 _aTu libro de fotografía /
_cJohn H. Moore ; [traducción Diorki].
260 _aBarcelona :
_bSintes,
_c1972.
300 _a79 p. 6 lám. :
_bil ;
_c21 cm.
710 2 _aDiorki.
_93392
852 _aES-MaACL
_jC-52405
_bR.86047
999 _c108939
_d108939